000 02544cam a2200337 4500500
005 20251228083227.0
041 _afre
042 _adc
100 1 0 _aHaaker, Antoine
_eauthor
245 0 0 _aUne lettre inédite de Jean Lacurne à Claude de Saumaise sur le Plutarque d’Amyot
260 _c2017.
500 _a88
520 _aCet article consiste en l’édition d’une lettre de Jean Lacurne (ca. 1570-1631) à Claude de Saumaise (1588-1653) datée du 17 mars 1616. Cette lettre, en même temps qu’elle donne un exemple de l’élégante prose latine de son auteur, intéresse la fortune de la fameuse version de Plutarque par Jacques Amyot. Lacurne y fait en effet une éloquente apologie du Plutarque d’Amyot contre Bachet de Méziriac, qui l’avait assez sévèrement critiqué. Le texte de la lettre est accompagné d’une introduction et d’un commentaire, dans lequel tous les mots grecs ont été traduits et diverses allusions à l’antiquité ou à certains érudits contemporains, qui pouvaient rendre certains passages du texte obscurs, ont été expliquées.
520 _aA Previously Unpublished Letter from Jean Lacurne to Claudius Salmasius on Amyot’s Plutarch This article contains the edition of a letter written by Jean Lacurne (ca. 1570–1631) to Claudius Salmasius (1588–1653) on March 17, 1616. This letter, besides being an example of the elegant Latin prose of its author, concerns the reception of the famous translation of Plutarch by Jacques Amyot. In it Lacurne eloquently defends Amyot’s rendering of Plutarch against the quite severe criticism of Bachet de Méziriac. The text of the letter is accompanied by an introduction as well as a commentary, in which all Greek words have been translated and various allusions to antiquity or to coeval scholars that could render certain passages of the text obscure have been explained.
690 _aClaude de Saumaise
690 _aClaude-Gaspard Bachet de Méziriac
690 _aHenri Estienne
690 _aJacques Amyot
690 _aJean Lacurne
690 _aPlutarque
690 _atraduction
690 _aClaude-Gaspard Bachet de Méziriac
690 _aClaudius Salmasius
690 _aHenri Estienne
690 _aJacques Amyot
690 _aJean Lacurne
690 _aPlutarch
690 _aTranslation
786 0 _nDix-septième siècle | 277 | 4 | 2017-10-30 | p. 745-752 | 0012-4273
856 4 1 _uhttps://shs.cairn.info/revue-dix-septieme-siecle-2017-4-page-745?lang=fr&redirect-ssocas=7080
999 _c1600850
_d1600850